<?xml version="1.0" encoding="UTF-8"?><record xmlns="http://www.loc.gov/MARC21/slim" xmlns:zs="http://docs.oasis-open.org/ns/search-ws/sruResponse">
  <leader>03167cas a2200649 a 4500</leader>
  <controlfield tag="001">11290296</controlfield>
  <controlfield tag="005">20250606171331.9</controlfield>
  <controlfield tag="008">841130u19uuuuuuenkuu     c   0   a0eng  </controlfield>
  <datafield ind1=" " ind2=" " tag="035">
    <subfield code="a">11290296</subfield>
  </datafield>
  <datafield ind1=" " ind2=" " tag="906">
    <subfield code="a">7</subfield>
    <subfield code="b">cbc</subfield>
    <subfield code="c">serials</subfield>
    <subfield code="d">1</subfield>
    <subfield code="e">ncip</subfield>
    <subfield code="f">19</subfield>
    <subfield code="g">n-oclcserc</subfield>
  </datafield>
  <datafield ind1=" " ind2=" " tag="955">
    <subfield code="a">LCAP batch update 2025-06-01-04:00: LCAPM-893</subfield>
  </datafield>
  <datafield ind1=" " ind2=" " tag="010">
    <subfield code="a">   84649373 </subfield>
  </datafield>
  <datafield ind1=" " ind2=" " tag="035">
    <subfield code="a">(OCoLC)11438128</subfield>
  </datafield>
  <datafield ind1=" " ind2=" " tag="040">
    <subfield code="a">DLC</subfield>
    <subfield code="b">eng</subfield>
    <subfield code="c">DLC</subfield>
    <subfield code="d">OCLCQ</subfield>
    <subfield code="d">OCLCO</subfield>
    <subfield code="d">OCLCF</subfield>
    <subfield code="d">OCLCQ</subfield>
  </datafield>
  <datafield ind1=" " ind2=" " tag="042">
    <subfield code="a">pcc</subfield>
  </datafield>
  <datafield ind1=" " ind2=" " tag="043">
    <subfield code="a">e-uk---</subfield>
  </datafield>
  <datafield ind1="0" ind2="0" tag="050">
    <subfield code="a">NE628</subfield>
    <subfield code="b">.I47a</subfield>
  </datafield>
  <datafield ind1="0" ind2=" " tag="082">
    <subfield code="a">769.941/074/021</subfield>
    <subfield code="2">19</subfield>
  </datafield>
  <datafield ind1="2" ind2=" " tag="110">
    <subfield code="a">Incorporated Printsellers' Association (London, England)</subfield>
  </datafield>
  <datafield ind1="1" ind2="3" tag="245">
    <subfield code="a">An alphabetical list of engravings declared at the office of the Printsellers' Association, London and the Incorporated Printsellers' Association, London ...</subfield>
  </datafield>
  <datafield ind1=" " ind2=" " tag="260">
    <subfield code="a">London :</subfield>
    <subfield code="b">Printed for the Inc. Printsellers' Association</subfield>
  </datafield>
  <datafield ind1=" " ind2=" " tag="300">
    <subfield code="a">volumes ;</subfield>
    <subfield code="c">30 cm</subfield>
  </datafield>
  <datafield ind1=" " ind2=" " tag="336">
    <subfield code="a">text</subfield>
    <subfield code="b">txt</subfield>
    <subfield code="2">rdacontent</subfield>
  </datafield>
  <datafield ind1=" " ind2=" " tag="337">
    <subfield code="a">unmediated</subfield>
    <subfield code="b">n</subfield>
    <subfield code="2">rdamedia</subfield>
  </datafield>
  <datafield ind1=" " ind2=" " tag="338">
    <subfield code="a">volume</subfield>
    <subfield code="b">nc</subfield>
    <subfield code="2">rdacarrier</subfield>
  </datafield>
  <datafield ind1=" " ind2=" " tag="500">
    <subfield code="a">Includes: Memorandum and Articles of association and rules.</subfield>
  </datafield>
  <datafield ind1=" " ind2=" " tag="555">
    <subfield code="a">Painters-engravers, 1847-1911 in 1 v.</subfield>
  </datafield>
  <datafield ind1=" " ind2=" " tag="588">
    <subfield code="a">Description based on: 1892 to 1911.</subfield>
  </datafield>
  <datafield ind1=" " ind2=" " tag="590">
    <subfield code="a">Rosenwald has: 1892-1911 in 1 v.; Index, 1847-1911 in 1 v.</subfield>
  </datafield>
  <datafield ind1=" " ind2=" " tag="590">
    <subfield code="a">Continues: Printsellers' Association (London, England). Alphabetical list of engravings delcared at the offive of the Printsellers' Association ...</subfield>
  </datafield>
  <datafield ind1=" " ind2=" " tag="590">
    <subfield code="a">Book-plate of Howard C. Levis.</subfield>
  </datafield>
  <datafield ind1=" " ind2=" " tag="590">
    <subfield code="a">SERBIB/SERLOC merged record</subfield>
  </datafield>
  <datafield ind1=" " ind2="0" tag="650">
    <subfield code="a">Prints, British</subfield>
    <subfield code="v">Catalogs.</subfield>
  </datafield>
  <datafield ind1=" " ind2="7" tag="650">
    <subfield code="a">Prints, British.</subfield>
    <subfield code="2">fast</subfield>
    <subfield code="0">(OCoLC)fst01076869</subfield>
  </datafield>
  <datafield ind1=" " ind2="7" tag="655">
    <subfield code="a">Catalogs.</subfield>
    <subfield code="2">fast</subfield>
    <subfield code="0">(OCoLC)fst01423692</subfield>
  </datafield>
  <datafield ind1=" " ind2="7" tag="655">
    <subfield code="a">Catalogs.</subfield>
    <subfield code="2">lcgft</subfield>
    <subfield code="0">https://id.loc.gov/authorities/genreForms/gf2014026057</subfield>
  </datafield>
  <datafield ind1="2" ind2=" " tag="710">
    <subfield code="a">Lessing J. Rosenwald Collection (Library of Congress)</subfield>
    <subfield code="5">DLC</subfield>
  </datafield>
  <datafield ind1="0" ind2="2" tag="730">
    <subfield code="a">Memorandum and Articles of association and rules.</subfield>
  </datafield>
  <datafield ind1="0" ind2="0" tag="780">
    <subfield code="a">Printsellers' Association (London, England).</subfield>
    <subfield code="t">Alphabetical list of engravings declared at the office of the Printsellers' Association ...</subfield>
    <subfield code="w">(OCoLC)9534662</subfield>
  </datafield>
  <datafield ind1=" " ind2=" " tag="850">
    <subfield code="a">DLC</subfield>
  </datafield>
  <datafield ind1="4" ind2="1" tag="856">
    <subfield code="3">Page View</subfield>
    <subfield code="d">rbc0001</subfield>
    <subfield code="f">2023rosen649373</subfield>
    <subfield code="u">http://hdl.loc.gov/loc.rbc/Rosenwald.649373</subfield>
  </datafield>
  <datafield ind1="4" ind2="1" tag="856">
    <subfield code="3">Index</subfield>
    <subfield code="d">rbc0001</subfield>
    <subfield code="f">2023rosen649373index</subfield>
    <subfield code="u">http://hdl.loc.gov/loc.rbc/Rosenwald.649373index</subfield>
  </datafield>
  <datafield ind1="4" ind2="1" tag="856">
    <subfield code="3">Plates</subfield>
    <subfield code="d">rbc0001</subfield>
    <subfield code="f">2023rosen649373plates</subfield>
    <subfield code="u">http://hdl.loc.gov/loc.rbc/Rosenwald.649373plates</subfield>
  </datafield>
  <datafield ind1=" " ind2=" " tag="890">
    <subfield code="a">Alphabetical list of engravings declared at the office of the Printsellers' Association, London and the Incorporated Printsellers' Association, London...(Incorporated Printsellers' Association (London, England)  London.</subfield>
    <subfield code="i">84-649373</subfield>
  </datafield>
  <datafield ind1=" " ind2=" " tag="920">
    <subfield code="a">Keep 1</subfield>
  </datafield>
  <datafield ind1=" " ind2=" " tag="952">
    <subfield code="a">LAC knj 2019-09-23 update (2 cards)</subfield>
  </datafield>
  <datafield ind1=" " ind2=" " tag="984">
    <subfield code="a">rsl</subfield>
    <subfield code="d">2019-09-23</subfield>
  </datafield>
  <datafield ind1=" " ind2=" " tag="985">
    <subfield code="a">rbc/scd</subfield>
  </datafield>
  <datafield ind1=" " ind2=" " tag="985">
    <subfield code="a">rbc/rosen</subfield>
  </datafield>
  <datafield ind1=" " ind2=" " tag="985">
    <subfield code="a">rbc/rosendgt</subfield>
  </datafield>
  <datafield ind1=" " ind2=" " tag="985">
    <subfield code="a">rbc/digital/rosen</subfield>
  </datafield>
  <datafield ind1=" " ind2=" " tag="985">
    <subfield code="a">rblacfederal</subfield>
    <subfield code="d">20190923</subfield>
  </datafield>
  <datafield ind1=" " ind2=" " tag="987">
    <subfield code="b">RBSCDRECON</subfield>
    <subfield code="c">20190923</subfield>
    <subfield code="d">r</subfield>
    <subfield code="f">SERIAL</subfield>
  </datafield>
  <datafield ind1=" " ind2=" " tag="991">
    <subfield code="b">c-RareBook</subfield>
    <subfield code="h">NE628</subfield>
    <subfield code="i">.I47a</subfield>
    <subfield code="m">Rosenwald Coll</subfield>
    <subfield code="w">SERIALS</subfield>
  </datafield>
  <datafield ind1=" " ind2=" " tag="991">
    <subfield code="b">r-P&amp;PRef</subfield>
    <subfield code="h">NE628</subfield>
    <subfield code="i">.I47a 1892-1893</subfield>
    <subfield code="p">00005711824</subfield>
    <subfield code="t">Copy 1</subfield>
  </datafield>
  <datafield ind1=" " ind2=" " tag="991">
    <subfield code="b">r-P&amp;PRef</subfield>
    <subfield code="h">NE628</subfield>
    <subfield code="i">.I47a  Index 1847-1893</subfield>
    <subfield code="p">00005711812</subfield>
    <subfield code="t">Copy 1</subfield>
  </datafield>
  <datafield ind1=" " ind2=" " tag="992">
    <subfield code="b">call x7-5305</subfield>
    <subfield code="w">SERLOC</subfield>
  </datafield>
</record>
